• 首页
  • 本馆介绍
  • 公告通知
  • 最新文献
  • 馆藏检索
  • 电子资源
  • 读者导购
  • 参考咨询
  • 我的图书馆
  • 登录
  • 详细信息显示
  • 放入我的书架
  • 预约/预借图书
  • 作者相关作品
  • 分类相关作品
  • 丛书相关作品
  • 出版社相关作品

书目信息

  • 表格格式
  • 工作单格式
  • 卡片格式
书名: Theories of human communication
作者: Stephen W. Littlejohn.
分册号:
分册名:
出版地: Belmont, CA :
 
出版社: Wadsworth Pub
出版时间: c1999.
页数: xiv, 409 p. :
开本: 25 cm.
丛书名:
中图分类号:
科图分类号:
其他分类号: B1
主题词:
电子资源:
000 00975pam a2200277 a 450
001 E071628140
005 20070517002924.12
008 980505s1999 caua b 001 0 eng
010    @a98007919
020    @a0534548199 (alk. paper).
035    @A(DLC) 98007919
040    @aDLC@cDLC@dDLC
050 00 @aP90@b.L48 1999
082 00 @a302.2/01@2 21
090    @aB1
099    @dB1@ex8=6
100 1  @aLittlejohn, Stephen W.
245 10 @aTheories of human communication / @cStephen W. Littlejohn.
250    @a6th ed.
260    @aBelmont, CA :@bWadsworth Pub.,@cc1999.
300    @axiv, 409 p. :@bill. ;@c25 cm.
504    @aIncludes bibliographical references (p. 365-396) and indexes.
650  0 @aCommunication@xPhilosophy.
906    @a7@bcbc@corignew@d1@eocip@f19@gy-gencatlg
955    @apc03 to la00 05-05-98; lg05 to le03 05-07-98; le03 05-11-98; le02 to ddc 05-12-98; CIP ver. lk25 09-03-98
991    @bc-GenColl@hP90@i.L48 1999@p0005444123A@tCopy 1@wBOOKS
    
    Theories of human communication / / Stephen W. Littlejohn.-6th ed.-Belmont, CA : : Wadsworth Pub., , c1999.
    xiv, 409 p. : : ill. ; ; 25 cm.
    Includes bibliographical references (p. 365-396) and indexes.
    
    ISBN 0534548199 (alk. paper).
    
●
相关链接 在E读中查询图书 在五车中查询图书 在当当中查询图书 在豆瓣中查询图书


正题名:Theories of human communication     索取号:B1/x8=6         预约/预借

序号 登录号 条形码 馆藏地/架位号 状态 备注
1 10056   300100566   第二样本阅览室/ [索取号:B1/x8=6] 在馆    
2 10057   300100575   密集书库/ [索取号:B1/x8=6] 在馆    
3 10058   300100584   密集书库/ [索取号:B1/x8=6] 在馆    
4 10059   300100593   第四借阅区/ [索取号:B1/x8=6] 在馆    
5 10071   300100717   第四借阅区/ [索取号:B1/x8=6] 在馆    
唐山师范学院图书馆 欢迎您!
大连网信软件有限公司© 版权所有